Radšej dve letá ako jednu zimu -s Petrom Jurčovičom

Bibliographic Details
Main Author: Jurčovič, Peter (Author)
Format: Article
Language:Slovak
PhysicalDescription:Fotogr.
ISSN:1336-8273
Subjects:

MARC

LEADER 00000nab a2200000 ar4500
001 vtls008774065
003 SK-MaSNL
005 20260303062538.0
008 060530c2006 xo |||||||||||000 b|slo
015 |a SNBRB2006/06  |2 snkbucl 
038 |a SNKBUCL 
040 |a SNKBUCL  |b slo  |c SNKBUCL  |e AACR2 
041 0 |a slo 
044 |a xo  |c SK 
080 |a 551.58  |x "324"  |2 1997 
080 |a 551.515  |x "324"  |2 1997 
100 1 |a Jurčovič, Peter  |4 aut  |9 562014 
245 1 0 |a Radšej dve letá ako jednu zimu  |b -s Petrom Jurčovičom 
300 |b Fotogr. 
650 0 7 |a počasie  |2 snkbucl  |9 942 
650 0 7 |a zima  |2 snkbucl  |9 49696 
650 0 7 |a klimatické podmienky  |2 snkbucl  |9 73861 
773 0 |t In Energo Eco  |g Roč. 1, č. 3 (2006), s. 32-33  |x 1336-8273 
852 |a SNK  |b KIS3GCP 
999 |c 1739613  |d 1741543